00553nam a2200145Ia 4500008004100000020001800041041000800059082002400067100004400091245006200135260004300197300000900240999001900249952013900268230519s9999 xx 000 0 und d a1-56053-458-3 aeng aMS/616.1/PIF/DB1001 aPifarre Roque & Scanlon Patrick9180593 aEvidence-based Management of the Acute Coronary Syndromes bHanley and BelfusaPhailadelphiac2000 a477p c159585d159585 001040708MSaBTINbBTINd2022-05-10g1000.00i56l0oMS 616.1 PIF DB1001pBTIN-DB-1001r2023-05-19 00:00:00w2022-05-10yDBzDB1001